[Event "Alto Sangro op 10th"]
[Site "Castel di Sangro "]
[Date "2010.12.05"]
[Round "5"]
[White "Martingano, Giuseppe"]
[Black "Franciosi, Claudio"]
[Result "0-1"]
[WhiteElo "1708"]
[BlackElo "1686"]
[PlyCount "98"]
[EventDate "2010.12.03"]
[EventType "swiss"]
[EventRounds "6"]
[EventCountry "ITA"]
[SourceTitle "EXT 2012"]
[Source "ChessBase"]
[SourceDate "2011.11.24"]
[SourceVersion "1"]
[SourceVersionDate "2011.11.24"]
[SourceQuality "1"]

1. d4 Nf6 2. Bf4 e6 3. e3 d5 4. c3 h6 5. Bd3 Bd6 6. Nf3 Bxf4 7. exf4 Nc6 8. Nbd2 0-0 9. 0-0 b6 10. Re1 Ne7 11. Rc1 c5 12. Bb1 Bb7 13. Qc2 cxd4 14. Nxd4 Nc6 15. N2f3 Nxd4 16. Nxd4 Qd6 17. g3 Rfe8 18. Re3 Kf8 19. Qe2 Rac8 20. Bd3 Bc6 21. Bb5 Bxb5 22. Nxb5 Qd7 23. Nd4 Qd6 24. Re1 g6 25. h4 Ne4 26. Kg2 Kg7 27. f3 Nf6 28. Qa6 Qd7 29. g4 Re7 30. g5 hxg5 31. fxg5 Nh5 32. Qf1 Qd6 33. Re5 Rh8 34. f4 Kg8 35. Kh3 a6 36. Kg4 b5 37. a3 Ng7 38. R1e2 Qd7 39. Qe1 Kf8 40. Qf2 Ke8 41. Nf3 Nf5 42. Qb6 Qb7 43. Qxb7 Rxb7 44. Rxd5 Ke7 45. Rdd2 Rc7 46. Rd3 Rd7 47. Rxd7+ Kxd7 48. Rd2+ Ke7 49. Rd3 Rd8 0-1

[Event "Mogliano Veneto op-B 31st"]
[Site "Mogliano Veneto"]
[Date "2010.05.02"]
[Round "4"]
[White "Pozzobon, Davide"]
[Black "Franciosi, Claudio"]
[Result "1-0"]
[WhiteElo "1770"]
[BlackElo "1697"]
[PlyCount "39"]
[EventDate "2010.04.30"]
[EventType "swiss"]
[EventRounds "5"]
[EventCountry "ITA"]
[SourceTitle "EXT 2023"]
[Source "ChessBase"]
[SourceDate "2022.10.05"]
[SourceVersion "1"]
[SourceVersionDate "2022.10.05"]
[SourceQuality "1"]

1. e4 e5 2. Nf3 Nc6 3. d4 exd4 4. Bc4 d6 5. Nxd4 Nxd4 6. Qxd4 Qf6 7. Qd3 Be6 8. 0-0 0-0-0 9. Nc3 Ne7 10. Be3 Bxc4 11. Qxc4 Nc6 12. Nd5 Qe6 13. Bxa7 Rd7 14. Qa4 Kd8 15. Bb6 Ke8 16. Qa8+ Rd8 17. Nxc7+ Ke7 18. Nd5+ Kd7 19. Qxb7+ Ke8 20. Nc7+ 1-0

[Event "Mogliano Veneto op-B 31st"]
[Site "Mogliano Veneto"]
[Date "2010.04.30"]
[Round "1"]
[White "Franciosi, Claudio"]
[Black "Zamengo, Bruno"]
[Result "0-1"]
[WhiteElo "1697"]
[BlackElo "1848"]
[PlyCount "76"]
[EventDate "2010.04.30"]
[EventType "swiss"]
[EventRounds "5"]
[EventCountry "ITA"]
[SourceTitle "EXT 2023"]
[Source "ChessBase"]
[SourceDate "2022.10.05"]
[SourceVersion "1"]
[SourceVersionDate "2022.10.05"]
[SourceQuality "1"]

1. e4 e6 2. d4 d5 3. Nc3 Bb4 4. e5 c5 5. a3 Bxc3+ 6. bxc3 Qc7 7. Bb5+ Bd7 8. Bxd7+ Nxd7 9. Ne2 Ne7 10. 0-0 Rc8 11. Ra2 0-0 12. Ng3 Qa5 13. Qd3 Rc6 14. Bd2 Qa4 15. Rb1 Nb6 16. Qb5 Qxb5 17. Rxb5 Rfc8 18. Bg5 Ng6 19. Be3 a6 20. Rb1 Na4 21. Ne2 b5 22. g3 cxd4 23. Bxd4 Ne7 24. g4 R6c7 25. f4 h6 26. h4 h5 27. gxh5 Nf5 28. Rc1 Nxh4 29. Kf2 Nf5 30. Ke1 Nxd4 31. cxd4 Nc3 32. Rb2 Nxe2 33. Kxe2 Rc3 34. Ra2 R8c4 35. Kd2 Rf3 36. Ke2 Rxf4 37. c3 Rfxd4 38. h6 Rh4 0-1

[Event "Rome d'Inverno op"]
[Site "Rome"]
[Date "2009.02.08"]
[Round "4"]
[White "Cavalli, Benedetta"]
[Black "Franciosi, Claudio"]
[Result "1/2-1/2"]
[WhiteElo "1422"]
[BlackElo "1647"]
[PlyCount "74"]
[EventDate "2009.02.06"]
[EventType "swiss"]
[EventRounds "5"]
[EventCountry "ITA"]
[SourceTitle "EXT 2011"]
[Source "ChessBase"]
[SourceDate "2010.11.26"]
[SourceVersion "1"]
[SourceVersionDate "2010.11.26"]
[SourceQuality "1"]

1. e4 e5 2. Nf3 Nc6 3. Bc4 Bc5 4. b4 Bxb4 5. c3 Be7 6. d4 d6 7. 0-0 Na5 8. Bb3 Nxb3 9. axb3 Bg4 10. Nbd2 Nf6 11. Qc2 Bxf3 12. Nxf3 exd4 13. cxd4 0-0 14. Re1 c6 15. Ba3 h6 16. Rad1 Rc8 17. Re2 Nh5 18. Ree1 Re8 19. g3 d5 20. Bxe7 Rxe7 21. exd5 Rxe1+ 22. Rxe1 Qxd5 23. Qd3 Nf6 24. Re7 c5 25. Re5 Qd7 26. Qc4 cxd4 27. Qxd4 Qxd4 28. Nxd4 Rc1+ 29. Kg2 Kf8 30. Rb5 b6 31. Nf5 Rc5 32. Rxc5 bxc5 33. Nd6 Nd7 34. Kf3 a6 35. Nb7 Ke7 36. Ke3 f5 37. Kd3 Ne5+ 1/2-1/2

[Event "Rome d'Inverno op"]
[Site "Rome"]
[Date "2009.02.07"]
[Round "2"]
[White "Padovano, Vito"]
[Black "Franciosi, Claudio"]
[Result "1/2-1/2"]
[WhiteElo "1443"]
[BlackElo "1647"]
[PlyCount "108"]
[EventDate "2009.02.06"]
[EventType "swiss"]
[EventRounds "5"]
[EventCountry "ITA"]
[SourceTitle "EXT 2011"]
[Source "ChessBase"]
[SourceDate "2010.11.26"]
[SourceVersion "1"]
[SourceVersionDate "2010.11.26"]
[SourceQuality "1"]

1. e4 e5 2. Nf3 Nc6 3. Nc3 Nf6 4. Bb5 Nd4 5. Nxd4 exd4 6. e5 dxc3 7. exf6 cxd2+ 8. Qxd2 Qxf6 9. 0-0 Be7 10. Qe3 0-0 11. Bd2 b6 12. Bc3 Qg5 13. Qxg5 Bxg5 14. Rfe1 c6 15. Bd3 Bb7 16. Rad1 d5 17. Bd2 Bf6 18. b4 Rfe8 19. Rxe8+ Rxe8 20. Re1 Rxe1+ 21. Bxe1 g6 22. f4 Bd4+ 23. Bf2 Bxf2+ 24. Kxf2 f5 25. g3 d4 26. Bc4+ Kg7 27. Ke2 c5 28. bxc5 bxc5 29. Kd2 Kf6 30. c3 dxc3+ 31. Kxc3 h6 32. Bd3 Bd5 33. a4 g5 34. Bc4 Ke6 35. fxg5 hxg5 36. h4 gxh4 37. gxh4 Bxc4 38. Kxc4 f4 39. h5 Kf6 40. Kd3 Kg5 41. Ke4 c4 42. h6 Kxh6 43. Kxf4 c3 44. Ke3 c2 45. Kd2 c1Q+ 46. Kxc1 Kg6 47. Kc2 Kf6 48. Kc3 Ke6 49. Kb4 Kd6 50. Kb5 Kc7 51. a5 Kb7 52. a6+ Kc7 53. Kc5 Kd7 54. Kd5 Kc7 1/2-1/2